| 000 | 01739pab a2200193 454500 | ||
|---|---|---|---|
| 008 | 180718b1999 xxu||||| |||| 00| 0 eng d | ||
| 100 | _aDas, S.K. | ||
| 245 | _aIdentification with the organisation and corruption | ||
| 260 | _c1999 | ||
| 300 | _ap.27-44 | ||
| 362 | _aJul-Sep | ||
| 520 | _aWhen employees identify with the organisation, they are induced to use the goals of the organisation as the basis of their action. Such identification restrains corrupt behaviour. The shared commitment to the goals of the organisation produces a common understanding about what is desirable and undesirable behaviour, and since the use of office for private gains detracts from the goals of the organisation, it becomes undesirable behaviour. This paper argues that the civil servants in India do not identify either with the organisations they work in or with the civil service as a group. The members of the all-India Services do not identify with the departments they work in because of their short stay in the departments; neither do they identify with their respective Service cadre organisations because the Service organisations have forfeited the attribute needed to create and nurture the required esprit de corps. For the large majority of civil servants in India who are recruited to a department and spend their entire official career spanning thirty to thirty-five years in these departments, there is the opposite of identification - a deep-seated sense of disenchantment and fundamental alienation from the organisation. - Reproduced | ||
| 650 | _aCorruption - India | ||
| 650 | _aOrganizations - India | ||
| 650 | _aCivil service - India | ||
| 650 | _aCivil service | ||
| 773 | _aManagement in Government | ||
| 909 | _a44156 | ||
| 999 |
_c44156 _d44156 |
||